Loading...
| History - American | 0 | 4 | 0 | 0 | 40 | 63 | 86.25 | 0 | 3 |
| History - Other | 0 | 3 | 0 | 1 | 30 | 78 | 111.33 | 0 | 1 |
| History - World | 0 | 3 | 1 | 1 | 25 | 97 | 121.67 | 0 | 0 |
| Religion - Christianity/Judaism | 0 | 2 | 0 | 0 | 20 | 88 | 110.50 | 0 | 1 |
| History - European | 0 | 1 | 0 | 0 | 10 | 120 | 120.00 | 0 | 0 |
| Mythology - East Asia | 0 | 1 | 0 | 1 | 10 | 155 | 155.00 | 0 | 0 |
| Philosophy - Enlightenment | 0 | 1 | 0 | 0 | 10 | 131 | 131.00 | 0 | 0 |
| Philosophy - Pre-20th | 0 | 1 | 0 | 1 | 10 | 146 | 146.00 | 0 | 1 |
| Religion - Hinduism | 0 | 1 | 0 | 0 | 10 | 118 | 118.00 | 0 | 0 |
| Science - Astronomy | 0 | 1 | 0 | 0 | 10 | 103 | 103.00 | 0 | 0 |
| Social Science - Economics | 0 | 1 | 0 | 1 | 10 | 132 | 132.00 | 0 | 0 |
| Current Events/Modern World - United States social | 0 | 1 | 0 | 0 | 10 | 139 | 139.00 | 0 | 1 |
| Geography - Asia | 0 | 1 | 0 | 0 | 10 | 114 | 114.00 | 0 | 0 |
| Geography - Europe | 0 | 1 | 0 | 0 | 10 | 81 | 81.00 | 0 | 1 |
| Science - Other | 0 | 1 | 0 | 1 | 10 | 139 | 139.00 | 0 | 0 |
| Art - Other | 0 | 1 | 0 | 0 | 10 | 146 | 146.00 | 0 | 0 |
| Science - Chemistry | 0 | 1 | 1 | 0 | 5 | 136 | 136.00 | 0 | 1 |
| Science - Other/CL/Misc | 0 | 0 | 0 | 0 | 0 | 0.00 | 0 | 0 |